Pixivの人気タグ上位100 - Statistics

General Stats
  • This quiz has been taken 325 times
  • The average score is 15 of 100
Answer Stats
タグ 件数 % Correct
R-18 169323
68%
オリジナル 5673521
47%
東方 2131209
39%
ポケモン 869225
39%
おっぱい 800222
38%
ブルーアーカイブ 366761
38%
巨乳 621826
37%
女の子 3773656
36%
初音ミク 595076
35%
原神 492800
35%
ロリ 302171
33%
漫画 2815711
32%
イラスト 1064727
32%
百合 295456
30%
艦これ 785072
29%
アイドルマスター 246730
29%
ワンピース 162787
29%
ウマ娘 321111
28%
鬼滅の刃 231728
27%
AI 313611
27%
ホロライブ 398353
26%
にじさんじ 202679
26%
男の子 332251
25%
ブルアカ 234347
25%
VTuber 362848
25%
ラブライブ! 279114
24%
ショタ 164101
24%
水着 526123
23%
創作 1234621
22%
制服 315713
22%
かわいい 188375
22%
東方Project 435376
21%
東方project 164315
21%
VOCALOID 554070
20%
Fate/GrandOrder 494944
18%
アズールレーン 197067
17%
FGO 466004
16%
艦隊これくしょん 555768
15%
女子高生 196445
15%
うごイラ 253769
14%
少女 729033
13%
刀剣乱舞 315861
12%
美少女 270874
11%
アークナイツ 220630
11%
218619
11%
金髪 171682
11%
腐向け 773729
10%
アイドルマスターシンデレラガールズ 414703
10%
ウマ娘プリティーダービー 391363
10%
風景 292468
10%
擬人化 277760
10%
オリキャラ 627144
9%
おそ松さん 204443
9%
裸足 180847
9%
ビキニ 165977
9%
hololive 182840
9%
魅惑の谷間 250003
8%
ツインテール 168466
8%
AIイラスト 448165
8%
魅惑のふともも 250097
7%
セーラー服 207953
7%
おへそ 1762393
7%
バーチャルYouTuber 479648
7%
落書き 1081205
6%
ケモノ 439351
6%
らくがき 432981
6%
ヘタリア 378144
6%
なにこれかわいい 248027
6%
背景 234840
6%
魔法少女まどか☆マギカ 216580
6%
猫耳 191079
6%
銀魂 185870
6%
アナログ 1154584
5%
クリスマス 165338
5%
4コマ 274949
5%
GenshinImpact 301271
5%
original 256897
5%
練習 2775694
4%
模写 247210
4%
ドット絵 243986
4%
明日方舟 216279
4%
ハロウィン 208968
4%
女体化 189759
4%
黒子のバスケ 176476
4%
fanart 411806
4%
girl 455260
4%
うちの子 212580
3%
版権 190091
3%
水彩 167922
3%
illustration 317879
3%
OC 208758
3%
ファンタジー 284787
2%
原創 240474
2%
anime 270350
2%
cute 167680
2%
NovelAI 170624
2%
原创 322412
1%
コピック 182099
1%
3DCG 172601
1%
art 194565
1%
No matching quizzes found
Score Distribution
Percent of People with Each Score
Percentile by Number Answered
Your Score History
You have not taken this quiz